Escuela y valores: la educación moral

Sábháilte in:
Sonraí bibleagrafaíochta
Príomhchruthaitheoir: Bosello, Anselmo P (Údar)
Formáid: LEABHAR
Teanga:Spáinnis
Foilsithe / Cruthaithe: Madrid CCS 1998
Eagrán:3a. ed
Sraith:Colección Educar, 2
Ábhair:
Clibeanna: Cuir clib leis
Níl clibeanna ann, Bí ar an gcéad duine le clib a chur leis an taifead seo!

MARC

LEADER 00000nam a2200000 a 4500
001 UCM7789
003 CL-VaPUC
008 030110e19980000SP |||||||||||||||||spa|d
082 0 4 |a 370.114  |b BOS  |2 21 
100 0 |a Bosello, Anselmo P  |e author  |9 473415 
245 1 0 |a Escuela y valores: la educación moral 
250 |a 3a. ed 
300 |a 152 p 
942 |c BK 
945 |d 20030110 00:00:00  |a cmena 
260 |a Madrid  |b CCS  |c 1998 
650 0 |a Educación moral  |9 308319 
650 0 |a Filosofía de la educación   |9 258384 
650 0 |a Valores morales   |9 310604 
583 |a last modification  |c 20030110 00:00:00  |k Rodrigo Vera 
490 0 |a Colección Educar, 2 
999 |c 302459  |d 302457 
952 |0 0  |1 0  |4 0  |6 370_114000000000000_BOS_1998  |7 0  |8 A  |9 363041  |a BIBEDU  |b BIBEDU  |d 2019-11-21  |i 3860531  |o 370.114 BOS 1998  |p 3860531  |r 2019-11-21  |w 2019-11-21  |y BK  |k EPE